Meditation, yoga and sadhna/ (Record no. 150419)
[ view plain ]
| 000 -LEADER | |
|---|---|
| fixed length control field | 00653nam a22002057a 4500 |
| 005 - DATE AND TIME OF LATEST TRANSACTION | |
| control field | 20180320115412.0 |
| 010 ## - LCCN (DPL NO) | |
| LC control number | ENG-122342 |
| 020 ## - INTERNATIONAL STANDARD BOOK NUMBER | |
| International Standard Book Number | 9789387202078 |
| Terms of availability | 680.00 |
| 020 ## - INTERNATIONAL STANDARD BOOK NUMBER | |
| International Standard Book Number | 9387202078 |
| Terms of availability | 680.00 |
| 035 ## - SYSTEM CONTROL NUMBER | |
| System control number | EN-105874 |
| 037 ## - SOURCE OF ACQUISITION | |
| Source of stock number/acquisition | DBAD/PUB |
| 082 ## - DEWEY DECIMAL CLASSIFICATION NUMBER | |
| Classification number | 230.42 |
| 100 ## - MAIN ENTRY--PERSONAL NAME | |
| Personal name | Verma Ram Prakash |
| 245 ## - TITLE STATEMENT | |
| Title | Meditation, yoga and sadhna/ |
| Statement of responsibility, etc | by Ram Prakash Verma |
| 260 ## - PUBLICATION, DISTRIBUTION, ETC. (IMPRINT) | |
| Place of publication, distribution, etc | Delhi |
| Name of publisher, distributor, etc | Pranjal book services |
| Date of publication, distribution, etc | 2018 |
| 270 ## - ADDRESS | |
| Address | 1/11126, 1st floor street no.-10 Subhash park, shahdara |
| City | Delhi |
| Postal code | 110032 |
| 300 ## - PHYSICAL DESCRIPTION | |
| Extent | 176p. |
| Dimensions | 23cm.(HB) |
| Other physical details | ill. |
| 500 ## - GENERAL NOTE | |
| General note | It includes bibliography and references |
| 942 ## - ADDED ENTRY ELEMENTS (KOHA) | |
| Source of classification or shelving scheme | Dewey Decimal Classification |
| Item type | English Books |
| Classification part | 230.42 |
| Call number suffix | VER |
| Withdrawn status | Lost status | Not for loan | Collection code | Home library | Current library | Date acquired | Source of acquisition | Cost, normal purchase price | Full call number | Barcode | Copy number | Cost, replacement price | Koha item type |
|---|---|---|---|---|---|---|---|---|---|---|---|---|---|
| Not For Loan | Non-fiction | D.B.Act.Division | Bawana | 20/03/2018 | DBAD/PUB | 680.00 | 230.42 VER | EN-105874 | 1 | 680.00 | English Books |
